| 000 | 01058pam a2200289 a 4500 | ||
|---|---|---|---|
| 001 | 4433494 | ||
| 003 | GBCCL | ||
| 005 | 20241126110431.0 | ||
| 008 | 940525s1994 miu b 000 0 eng | ||
| 010 | _a 94025573 | ||
| 020 |
_a0892838213 : _c$10.99 (est.) |
||
| 040 |
_aDLC _cDLC _dDLC |
||
| 050 | 0 | 0 |
_aHQ774 _b.M58 1994 |
| 082 | 0 | 0 |
_a305.231 _220 _bMIT |
| 100 | 1 |
_aMitsch, Ray. _95302 |
|
| 245 | 1 | 0 |
_aNurturing your child's potential : _bhow to make the most of your child's emotional, physical, and intellectual promise / _cRaymond Mitsch. |
| 260 |
_aAnn Arbor, Mich. : _bVine Books, _cc1994. |
||
| 300 |
_a206 p. ; _c23 cm. |
||
| 504 | _aIncludes bibliographical references (p. 203-206). | ||
| 650 | 0 |
_aInfants. _95303 |
|
| 650 | 0 |
_aChild development. _91190 |
|
| 650 | 0 |
_aChild psychology. _95304 |
|
| 650 | 0 |
_aChild rearing. _91189 |
|
| 906 |
_a7 _bcbc _corignew _d1 _eocip _f19 _gy-gencatlg |
||
| 942 |
_2ddc _cBK _03 |
||
| 999 |
_c2544 _d2544 |
||